Programmirovanije

Enregistré dans:
Détails bibliographiques
Format: Publication en série
Publié: 1984
Tags: Ajouter un tag
Pas de tags, Soyez le premier à ajouter un tag!

MARC

LEADER 00000nas a22000003a 4500
001 stu69196
005 20141121234506.2
008 011106s1984----------------------------d
040 |a STU  |b slo 
041 0
245 |a Programmirovanije 
260 |c 1984 
500 |a 6 
500 |a 1-6 
773 0 |t Programmirovanije  |w stu_us_cat*stu59036  |x 0132-3474  |7 nnas 
996 |d Tom 10, 1984  |v Tom 10  |y 1984  |l II680  |s A  |a 24  |w stu69196_0001